World Leaders of WW2 - Statistics

General Stats
  • This quiz has been taken 64 times
  • The average score is 5 of 6
Answer Stats
Answer % Correct
Adolf Hitler
96%
Joseph Stalin
95%
Benito Mussolini
93%
Winston Churchill
91%
Franklin Roosevelt
86%
Hirohito
70%
No matching quizzes found
Score Distribution
Percent of People with Each Score
Percentile by Number Answered
Your Score History
You have not taken this quiz